Giáo trình tin học đại cương
Nội dung tập 3 trình bày phần mềm soạn thảo văn bản Microsòt Word, phần mềm lập bảng tính Microsoft Excel.
Guardado en:
| Autor principal: | |
|---|---|
| Formato: | Libro |
| Lenguaje: | Undetermined |
| Publicado: |
Hà Nội
Nxb. Đại học Sư phạm
2015
|
| Materias: | |
| Etiquetas: |
Agregar Etiqueta
Sin Etiquetas, Sea el primero en etiquetar este registro!
|
| Thư viện lưu trữ: | Trung tâm Học liệu Trường Đại học Cần Thơ |
|---|
| LEADER | 00855nam a2200205Ia 4500 | ||
|---|---|---|---|
| 001 | CTU_202504 | ||
| 008 | 210402s9999 xx 000 0 und d | ||
| 020 | |c 59000 | ||
| 082 | |a 004.07 | ||
| 082 | |b L250/T.3 | ||
| 100 | |a Phạm, Thị Anh Lê | ||
| 245 | 0 | |a Giáo trình tin học đại cương | |
| 245 | 0 | |c Phạm Thị Anh Lê (Chủ biên) ... [et al.] | |
| 260 | |a Hà Nội | ||
| 260 | |b Nxb. Đại học Sư phạm | ||
| 260 | |c 2015 | ||
| 520 | |a Nội dung tập 3 trình bày phần mềm soạn thảo văn bản Microsòt Word, phần mềm lập bảng tính Microsoft Excel. | ||
| 650 | |a Word (computer programs),Excel (computer programs),Word (Chương trình máy tính),Excel (Chương trình máy tính) | ||
| 904 | |i Tuyến | ||
| 980 | |a Trung tâm Học liệu Trường Đại học Cần Thơ | ||